| 000 | 00828cab a2200265 4500 | ||
|---|---|---|---|
| 001 | ABS60104 | ||
| 008 | 090401t1999 xxu||||| |||| 00| 0 eng d | ||
| 035 | _a(Sirsi) u91522 | ||
| 041 | _aeng | ||
| 245 | _aRestoration drama | ||
| 260 | _c1999 | ||
| 350 | _a0 | ||
| 490 |
_aBuilding _v264(8075) 19 February 1999, 47-55(5) |
||
| 520 | _aFeature on the refurbishment of several buildings, including Manchester`s Edwardian Cotton Exchange, and housing tower blocks in Liverpool. | ||
| 650 | _aEDWARDIAN COTTON EXCHANGE | ||
| 650 | _aHOUSING | ||
| 650 | _aLIVERPOOL | ||
| 650 | _aMANCHESTER | ||
| 650 | _aBUILT ENVIRONMENT-BUILDING MAINTENANCE AND REFURBISHMENT | ||
| 650 | _aROYAL EXCHANGE THEATRE | ||
| 650 | _aTOWER BLOCKS | ||
| 690 | _aBUILDING AND CONSTRUCTION-PROJECTS | ||
| 942 | _n0 | ||
| 948 | _c23/02/1999 | ||
| 999 |
_c58100 _d58100 |
||